000 00563nam a22002177a 4500
003 UA-OsUOA
001 38485
007 ta
008 20060511b un ||||| |||| 00| 0 ukr d
100 _aОсипець Валентина
090 _a32
_bО-11
942 _cSA
040 _aUA-OsUOA
_bukr
_cUA-OsUOA
_dUA-OsUOA
245 _aСуспільне телерадіомовлення в українському варіанті
300 _a4 с.
955 _a0
041 _aukr
080 _a32
773 0 _w38483
650 7 _a32 Політика
_2UDC
999 _c324640
_d324640